Filosofía, religión y ciencia : (Record no. 193229)

MARC details
000 -LEADER
campo de control de longitud fija 01869cam a2200397 i 4500
001 - NÚMERO DE CONTROL
campo de control 193229
003 - IDENTIFICADOR DE NÚMERO DE CONTROL
campo de control SpMaBN
005 - FECHA Y HORA DE LA ÚLTIMA TRANSACCIÓN
campo de control 20250728111243.0
007 - CAMPO FIJO DE DESCRIPCIÓN FÍSICA--INFORMACIÓN GENERAL
campo de control de longitud fija ta
008 - DATOS DE LONGITUD FIJA--INFORMACIÓN GENERAL
campo de control de longitud fija 100811s2010 sp a | |||| 000 0 spa
017 ## - NÚMERO DE COPYRIGHT O DE DEPÓSITO LEGAL
Número de copyright o de depósito legal M 33305-2010
Agencia que asigna Oficina Depósito Legal Madrid
020 ## - NÚMERO INTERNACIONAL ESTÁNDAR DEL LIBRO
Número Internacional Estándar del Libro 9788499460352
035 ## - NÚMERO DE CONTROL DEL SISTEMA
Número de control de sistema a4806291
040 ## - FUENTE DE CATALOGACIÓN
Centro catalogador/agencia de origen SpMaBN
Lengua de catalogación spa
Centro/agencia transcriptor SpMaBN
Normas de descripción rdc
080 ## - NÚMERO DE LA CLASIFICACIÓN DECIMAL UNIVERSAL
Número de la Clasificación Decimal Universal 001:1
080 ## - NÚMERO DE LA CLASIFICACIÓN DECIMAL UNIVERSAL
Número de la Clasificación Decimal Universal 215
100 1# - ENTRADA PRINCIPAL--NOMBRE DE PERSONA
Nombre de persona Ruiz, Matilde
Número de control del registro de autoridad o número normalizado XX4992792
9 (RLIN) 234347
Término indicativo de función/relación Autor
245 10 - MENCIÓN DEL TÍTULO
Título Filosofía, religión y ciencia :
Resto del título la Tierra, el planeta de la vida, nuestro planeta azul /
Mención de responsabilidad, etc. [M. Ruiz]
250 ## - MENCION DE EDICION
Mención de edición Primera edición, agosto 2010
260 ## - PUBLICACIÓN, DISTRIBUCIÓN, ETC.
Lugar de publicación, distribución, etc. Madrid :
Nombre del editor, distribuidor, etc. Edición Personal,
Fecha de publicación, distribución, etc. 2010
300 ## - DESCRIPCIÓN FÍSICA
Extensión 180 páginas ;
Dimensiones 23 cm
336 ## - TIPO DE CONTENIDO
Fuente rdacontent
Término de tipo de contenido Texto
337 ## - TIPO DE MEDIO
Fuente rdamedia
Nombre/término del tipo de medio sin mediación
338 ## - TIPO DE SOPORTE
Fuente rdacarrier
Nombre/término del tipo de soporte volumen
500 ## - NOTA GENERAL
Nota general Índice
520 ## - RESUMEN, ETC.
Sumario, etc. Para los amantes de la Naturaleza, de su poder y de sus recursos, la vida toda se encuentra oculta o manifiesta en sus fuentes, ríos, mares, montañas y en toda su biosfera. Por ello la Ciencia es su estudio sin traspasar los límites de su inmensidad y sin explotar sus recursos hasta el punto de atentar gravemente contra la vida.<br/><br/>La ecología debe ser un estudio y una forma de armonizar todos los ecosistemas.
650 #4 - PUNTO DE ACCESO ADICIONAL DE MATERIA--TÉRMINO DE MATERIA
Término de materia o nombre geográfico como elemento de entrada Ciencia-
Subdivisión general Filosofía
Fuente del encabezamiento o término embne
9 (RLIN) 10950
650 #7 - PUNTO DE ACCESO ADICIONAL DE MATERIA--TÉRMINO DE MATERIA
Término de materia o nombre geográfico como elemento de entrada Religión y ciencia
Fuente del encabezamiento o término embne
9 (RLIN) 16806
852 ## - LOCALIZACIÓN
Ubicación ES-MaACL
Sublocalización o colección R. 154628
Ubicación en estantería Depósito J
itemnumber 200651
Anotaciones manuscritas Dedicatoria autógrafa de la autora
Donativo/Legado Donación: Matilde Ruiz
Encuadernación Encuadernación rústica con solapas
903 ## - NOMBRE PERSONAL DE DONANTE
9 234347
a Ruiz, Matilde
e Donante
942 ## - ELEMENTOS DE ENTRADA SECUNDARIOS (KOHA)
Suprimir en OPAC No
Tipo de ítem Koha Libro impreso
Holdings
Estatus retirado Estado de pérdida Fuente del sistema de clasificación o colocación Estado de daño No para préstamo Biblioteca de origen Biblioteca actual Ubicación en estantería Fecha de adquisición Fuente de adquisición Total de préstamos Signatura topográfica completa Código de barras Visto por última vez Tipo de ítem Koha Nota pública
    Clasificación decimal universal     Biblioteca del Ateneo de Madrid Biblioteca del Ateneo de Madrid Depósito J 18/10/2023 Donación   N-9392 101205940 18/10/2023 Libro impreso Dedicatoria autógrafa de la autora